000 01110nam a2200253 i 4500
001 152974
003 ES-MaACL
005 20251011063141.0
008 931025s1625 be a |||| | spa d
040 _aPAB
_bspa
_cCCPB
100 1 _aCarneiro, Antonio,
_ds. XVI
_935370
245 1 0 _aHistoria de las guerras ciuiles que ha auido en los estados de Flandes des del año 1559 hasta el de 1609 y las causas de la rebelion de dichos estados /
_crecopilada y escrita por ... Antonio Carnero...
260 _aEn Bruselas :
_ben casa de Iuan de Meerbeque,
_c1625.
300 _a[8], 565 [i.e. 528], [6] p., [2] en bl. ;
_cFol.
530 _aDisponible en formato digital.
597 _aSign.:*4, A-Z6, 2A-2V6, 2X¹°.
597 _aNumerosos errores de pag.
597 _aTexto a dos col.
599 _aPort. grab. calc.
651 0 _aPaíses Bajos-
_xHistoria-
_y1556-1648 (Guerras de la Independencia)
_9241409
852 _aES-MaACL
_jR-119
_z- Enc. hol.
_x C-1807
856 _uhttp://bdh-rd.bne.es/viewer.vm?id=0000078084&page=1
_zBiblioteca Digital Hispánica
999 _c152974
_d152974